Měření charakteristik stupňů radiálních turbokompresorů

Bibliographic Details
Main Author: Šmid, Vladimír (Author)
Format: Article
Language:Czech
PhysicalDescription:Obr. 1. Grafy 4., lit. 4 zázn. v češ., ruš.
Subjects:

MARC

LEADER 00000nab a2200000 a 4500
001 vtls000326021
003 SK-MaSNL
005 20260302225903.0
008 160201c1987 xo 0 cze
015 |a SNBRA19rr/mm-uuuuu 
035 |a CL0326143 
040 |a SNKBUCL  |b slo  |c SNKBUCL  |e AACR2 
041 0 |a cze 
044 |a xo  |c SK 
080 |a 621.515:536.7:533.6.08  |2 1981 
080 |a 536.7  |2 1981 
080 |a 533.6.08  |2 1981 
100 1 |a Šmid, Vladimír  |4 aut  |9 521510 
245 1 0 |a Měření charakteristik stupňů radiálních turbokompresorů  |c Vladimír Šmid 
300 |b Obr. 1. Grafy 4., lit. 4 zázn. v češ., ruš. 
650 0 7 |a turbokompresory  |2 snkbucl  |9 58708 
655 7 |a články zo zborníkov  |2 snkbucl  |9 166140 
773 0 |t Aplikácia experimentálnych metód v mechanike tekutín  |d Žilina : Dom techniky ČSVTS, 1987  |g S. 121-128 
850 |a Slovenská národná knižnica v Martine  |a MTA001 
852 |a SNK  |b KIS3GCP 
958 |a RK 
958 |a CZ 
992 |a RZB 
999 |c 1531205  |d 1533135